Digital Signal Processing (Record no. 317754)

MARC details
000 -LEADER
fixed length control field 00416nam a2200169Ia 4500
008 - FIXED-LENGTH DATA ELEMENTS--GENERAL INFORMATION
fixed length control field 230718s9999 xx 000 0 und d
041 ## - LANGUAGE CODE
Language code of text/sound track or separate title eng
082 ## - DEWEY DECIMAL CLASSIFICATION NUMBER
Classification number 621.382'2
Item number BAB
100 ## - MAIN ENTRY--PERSONAL NAME
Personal name Babu P.R.
245 ## - TITLE STATEMENT
Title Digital Signal Processing
250 ## - EDITION STATEMENT
Edition statement 4th ed.
260 ## - PUBLICATION, DISTRIBUTION, ETC. (IMPRINT)
Date of publication, distribution, etc. 2010
Name of publisher, distributor, etc. Scitech Publication
300 ## - PHYSICAL DESCRIPTION
Extent 1038
365 ## - TRADE PRICE
Currency code Rs.
Price amount 370.00
700 ## - ADDED ENTRY--PERSONAL NAME
Personal name Babu P.R.
906 ## - LOCAL DATA ELEMENT F, LDF (RLIN)
d B:254316-Nov-2007
c ME ETC
b 74
Holdings
Withdrawn status Lost status Damaged status Not for loan Home library Current library Date acquired Vendor Budget Code Cost, normal purchase price Bill number Total Checkouts Full call number Barcode Date last seen Date last checked out Discount Cost, replacement price Bill Date Koha item type Original Barcode
        Cummins College of Engineering for Women Pune Cummins College of Engineering for Women Pune 19/11/2007 Tbs ME ETC 296.00 2543 8 621.382'2 CCEP-BK-28961 05/11/2024 17/10/2024 74 370.00 16/11/2007 Books 028961